Country Flags without Black or White - Picture Quiz #2 - Statistics

General Stats
  • This quiz has been taken 1,747 times
  • The average score is 15 of 18
Answer Stats
Picture Answer % Correct
Vietnam
98%
Morocco
94%
Chad
91%
Kyrgyzstan
91%
Montenegro
88%
Senegal
87%
Mauritania
85%
Cameroon
84%
Burkina Faso
82%
St. Vincent and the Grenadines
82%
Eritrea
81%
Grenada
81%
Rwanda
81%
Benin
80%
Gabon
79%
Mauritius
78%
Guinea
77%
Rep. of the Congo
77%
No matching quizzes found
Score Distribution
Percent of People with Each Score
Percentile by Number Answered
Your Score History
You have not taken this quiz